000 00541nam a2200157 4500
999 _c511021
_d511021
008 190906b ||||| |||| 00| 0 eng d
100 _aKumar, Dhananjay
_99972
245 _aCaste hierarchy and new agro-technological practices: some anthropological thoughts on Western Uttar Pradesh
260 _c2019
300 _ap.55-70.
650 _aCaste - India - Uttar Pradesh
_99973
700 _aMishra, Nihar Ranjan
_99974
773 _aParliamentary Affairs
906 _aAgricultural technology - India - Uttar Pradesh
942 _2ddc
_cAR